| 000 | 01014nam a22003257a 4500 | ||
|---|---|---|---|
| 001 | BR0100149 | ||
| 003 | BR-BrBNA | ||
| 005 | 20230928100740.0 | ||
| 007 | ta | ||
| 008 | 230509b bl.||||| |||| 00| 0 por d | ||
| 040 |
_aBR-BrBNA _bpor _cBiblioteca Nacional de Agricultura |
||
| 041 | _a(Por) | ||
| 072 |
_aK50 _b2480 |
||
| 090 | _ 2480 BR0100149 | ||
| 110 | 1 |
_aMinisterio da Industria e do Comercio, Brasilia, DF (Brasil) _97037 |
|
| 110 | 1 |
_aSuperintendencia da Borracha, Brasilia, DF (Brasil) _910009 |
|
| 111 | 1 |
_a1. Congresso Brasileiro de Tecnologia da Borracha _cSao Paulo, SP (Brazil) _dOct 1985 |
|
| 245 | 1 | _a1. Congresso Brasileiro de Tecnologia da Borracha | |
| 260 | 3 |
_aBrasilia, DF (Brasil): _c1985. |
|
| 300 | _a470 p. | ||
| 500 | _aSeveral bibliography; 80 tables; 177 illus. | ||
| 650 | _aBorracha | ||
| 650 | _aTecnologia Industrial | ||
| 650 | _aSilica | ||
| 650 | _aExtrusao | ||
| 650 | _aResina | ||
| 650 | _aPetroleo | ||
| 909 |
_a202309 _bLucia _c55 _dLucia Elande |
||
| 942 | _cBK | ||
| 999 |
_c62619 _d62619 |
||